<?xml version="1.0" encoding="UTF-8"?><?xml-stylesheet type="text/xsl" href="static/style.xsl"?><OAI-PMH xmlns="http://www.openarchives.org/OAI/2.0/" xmlns:xsi="http://www.w3.org/2001/XMLSchema-instance" xsi:schemaLocation="http://www.openarchives.org/OAI/2.0/ http://www.openarchives.org/OAI/2.0/OAI-PMH.xsd"><responseDate>2026-04-17T07:50:47Z</responseDate><request verb="GetRecord" identifier="oai:www.recercat.cat:10256/15885" metadataPrefix="marc">https://recercat.cat/oai/request</request><GetRecord><record><header><identifier>oai:recercat.cat:10256/15885</identifier><datestamp>2024-06-13T09:54:21Z</datestamp><setSpec>com_2072_453036</setSpec><setSpec>com_2072_2054</setSpec><setSpec>col_2072_453045</setSpec></header><metadata><record xmlns="http://www.loc.gov/MARC21/slim" xmlns:dcterms="http://purl.org/dc/terms/" xmlns:xsi="http://www.w3.org/2001/XMLSchema-instance" xmlns:doc="http://www.lyncode.com/xoai" xsi:schemaLocation="http://www.loc.gov/MARC21/slim http://www.loc.gov/standards/marcxml/schema/MARC21slim.xsd">
   <leader>00925njm 22002777a 4500</leader>
   <datafield ind2=" " ind1=" " tag="042">
      <subfield code="a">dc</subfield>
   </datafield>
   <datafield ind2=" " ind1=" " tag="720">
      <subfield code="a">Duran i Portas, Miquel</subfield>
      <subfield code="e">author</subfield>
   </datafield>
   <datafield ind2=" " ind1=" " tag="720">
      <subfield code="a">Besalú i Llorà, Emili</subfield>
      <subfield code="e">author</subfield>
   </datafield>
   <datafield ind2=" " ind1=" " tag="720">
      <subfield code="a">Duran i Carpintero, Josep</subfield>
      <subfield code="e">author</subfield>
   </datafield>
   <datafield ind2=" " ind1=" " tag="720">
      <subfield code="a">Planas i Grabuleda, Marta</subfield>
      <subfield code="e">author</subfield>
   </datafield>
   <datafield ind2=" " ind1=" " tag="260">
      <subfield code="c">2007</subfield>
   </datafield>
   <datafield ind2=" " ind1=" " tag="520">
      <subfield code="a">Comunicació de congrés presentada a: 1st International Technology, Education and Development Conference INTED2007, celebrat a València, del 7 al 9 de març de 2007</subfield>
   </datafield>
   <datafield ind2=" " ind1=" " tag="520">
      <subfield code="a">Since 2004 the Department of Chemistry of the University of Girona promotes a&#xd;
series of activities to increase contact with high school students and teachers.&#xd;
These contacts allow for mutual assessment, provide better knowledge of the&#xd;
chemistry curriculum of students entering the University, foster improvements&#xd;
in teaching and innovations within the Bologna European Higher Education&#xd;
Convergence Process (EHECP), dims the frontier between secondary and&#xd;
higher education, and approaches University to the high school student.&#xd;
Examples of activities consist of "The Saturday of Chemistry", oriented&#xd;
towards the last three years of high school, the "Chemistry Fair", meetings&#xd;
with high school teachers, class group laboratory sessions at university&#xd;
facilities, calls for prizes in high school chemical research, "Nano!Reacciona!",&#xd;
a preuniversity research workshop, and development of website&#xd;
"LaQuimica.Net".&#xd;
These initiatives are indeed useful to improve teaching and learning.&#xd;
Furthermore, they allow to understand better the new role of university&#xd;
professors and makes innovation within EHECP much easier</subfield>
   </datafield>
   <datafield ind1="8" ind2=" " tag="024">
      <subfield code="a">http://hdl.handle.net/10256/15885</subfield>
   </datafield>
   <datafield tag="653" ind2=" " ind1=" ">
      <subfield code="a">Química -- Ensenyament universitari</subfield>
   </datafield>
   <datafield tag="653" ind2=" " ind1=" ">
      <subfield code="a">Química -- Educació secundària</subfield>
   </datafield>
   <datafield tag="653" ind2=" " ind1=" ">
      <subfield code="a">Chemistry -- Study and teaching (Higher)</subfield>
   </datafield>
   <datafield tag="653" ind2=" " ind1=" ">
      <subfield code="a">Chemistry -- Study and teaching (Secondary)</subfield>
   </datafield>
   <datafield ind2="0" ind1="0" tag="245">
      <subfield code="a">Successes and failures of enhancing the bridge between secondary and higher education: Project LAQUIMICA.NET</subfield>
   </datafield>
</record></metadata></record></GetRecord></OAI-PMH>